Film - Album von Andrea Berg oder Beides? - Statistiken

Allgemein
  • Dieses Quiz wurde 36 mal gespielt
  • Das Durchschnittsergebnis liegt bei 6 aus 13
Antwortstatistiken
Frage Antwort % Korrekt
Splitternackt Album von Andrea Berg
75%
So finster die Nacht Film
75%
Nah am Feuer Album von Adrea Berg
67%
Ich würd's wieder tun Album von Andrea Berg
67%
Atlantis Beides
67%
Seelenbeben Album von Andrea Berg
58%
Mondsüchtig Film
50%
Legende Film
50%
Gefühle Album von Andrea Berg
33%
Machtlos Beides
33%
Valentinstag Film
33%
Du schon wieder Film
25%
Du hättest gehen sollen Film
8%
Keine übereinstimmenden Quizze gefunden
Verteilung der Resultate
Anzahl Personen mit jedem Resultat
Perzentil nach korrekt beantworteten Fragen
Ihre Resultats-Entwicklung
Sie haben dieses Quiz noch nicht gespielt